Nicaragua: desquite del Sandinismo y fin de la dinastia Somoza
Guardat en:
| Format: | Text |
|---|---|
| Etiquetes: |
Afegir etiqueta
Sense etiquetes, Sigues el primer a etiquetar aquest registre!
|
MARC
| LEADER | 00000 a a2200000 04500 | ||
|---|---|---|---|
| 001 | 46866 | ||
| 003 | |||
| 040 | |||
| 245 | |a Nicaragua: |b desquite del Sandinismo y fin de la dinastia Somoza | ||
| 773 | |g páginas 438-446 | ||
| 999 | |c 34463 |d 34463 | ||
